Mléko, mléčné výrobky a polotovary /
Na minha lista:
| Autor principal: | |
|---|---|
| Formato: | Livro |
| Idioma: | tcheco |
| Publicado em: |
Praha :
STI potravinářského průmyslu,
1991
|
| Tags: |
Sem tags, seja o primeiro a adicionar uma tag!
|
MARC
| LEADER | 00000nam a22000003a 4500 | ||
|---|---|---|---|
| 001 | stu18839 | ||
| 005 | 20150617225756.2 | ||
| 008 | 920424s1991----cs------------------cze-d | ||
| 020 | |a 80-85120-08-9 | ||
| 040 | |a STU |b slo | ||
| 041 | 0 | |a cze | |
| 044 | |a cs | ||
| 080 | |a 637.13 | ||
| 100 | 1 | |a Houška, Milan |4 aut | |
| 245 | 1 | |a Mléko, mléčné výrobky a polotovary / |c [aut.]Houška,Milan a kol | |
| 260 | |a Praha : |b STI potravinářského průmyslu, |c 1991 | ||
| 300 | |a 198 s : |b Tab.,grafy,lit | ||
| 996 | |b CB1495 |c C*B1495 |l CCXIX |s P |a 0 |w stu18839_0001 | ||